El aporte de la Cooperación Externa a la Gestión Universitaria de URACCAN en el periodo 2008-2012
Esta y aporte de la Cooperación investigación describe el comportamiento a la gestión de la universidad comunitaria intercultural como lo es URACCAN. El estudio se enmarca en el paradigma cualitativo utilizando un enfoque fenomenológico los hallazgos obtenidos de documentos de instituciones y de...
| Main Authors: | , |
|---|---|
| Other Authors: | |
| Format: | Tesis Section = Libro |
| Language: | Undetermined Spanish |
| Published: |
Managua
UNI
2013
|
| Subjects: |
| LEADER | 01380nam a2200265Ia 4500 | ||
|---|---|---|---|
| 008 | 240830s9999 xx 000 0 und d | ||
| 040 | |a BIBLIOTECA-RUSB/ T.Mon 378 R696 | ||
| 041 | |a spa | ||
| 082 | |a T.Mon 378 R696 | ||
| 100 | 1 | |a Rodríguez Ruiz, Sergio | |
| 100 | 1 | |b Zuniga Morales, Victor | |
| 245 | 1 | 0 | |a El aporte de la Cooperación Externa a la Gestión Universitaria de URACCAN en el periodo 2008-2012 |
| 260 | |a Managua |b UNI |c 2013 | ||
| 300 | |a 82 p. :il. | ||
| 500 | |a Contiene: anexos | ||
| 502 | |a Tesis (Especialidad en Gestión Universitaria) - UNI, 2013. | ||
| 520 | 3 | |a Esta y aporte de la Cooperación investigación describe el comportamiento a la gestión de la universidad comunitaria intercultural como lo es URACCAN. El estudio se enmarca en el paradigma cualitativo utilizando un enfoque fenomenológico los hallazgos obtenidos de documentos de instituciones y de la Dirección de Cooperación Externa. El carácter de la propuesta es positivo, conlleva experiencias vividas en la gestión de la cooperación externa a partir de un primer acercamiento a la realidad de los sujetos de estudio. | |
| 650 | 7 | |a GESTION UNIVERSITARIA | |
| 650 | 7 | |b PLAN ESTRATEGICO | |
| 650 | 7 | |c GESTION DE COOPERACION | |
| 650 | 7 | |d UNIVERSIDAD COMUNITARIA INTERNACIONAL | |
| 700 | 1 | |a Tutor: |b Machado, Xiomara | |
| 942 | |c BK |2 ddc | ||
| 991 | |a TESIS | ||
| 999 | |c 21778 | ||